zpět

Detail výsledku týmu

Adélka, Pustiměř

Datum a čas kvízu

28.5 Celkem bodů Celkový počet nahraných bodů na tomto kvízu bez doplňovacích otázek.
5. Pořadí na kvízu Konečné umístění týmu na tomto kvízu.

Zaznamenané odpovědi

# Otázka Odpověď Body Výsledky
1. Ministr pro sport, prevenci a... A 0
2. Co neobvyklého našli lékaři v... dělostřelecký granát 1
3. V noci z neděle na pondělí byl... Bad Bunny; Kendrick Lamar 0.5
4. Která fiktivní postava z fanta... B) Draco Malfoy 0
5. V pátek byly zahájeny zimní ol... David Pastrňák; Lucie Charvátová 1
6. 17. února 1600 byl na Campo de... Giordano Bruno 0
7. 8. února 1700 se narodil Danie... A) proudění tekutin 0
8. Za kulatý letopočet budeme dne... Brouček 1
9. 16. listopadu 1900 se v Olomou... Eliška Junková 0
10. Od 15. září do 1. října 2000 s... Štěpánka Hilgertová; Sydney 0